| 000 | 00570nam a2200229Ia 4500 | ||
|---|---|---|---|
| 003 | 0100 | ||
| 008 | 130227s9999 xx 000 0 und d | ||
| 040 | _cARRUPELIB | ||
| 050 | _aBP 171 .L82 | ||
| 100 | _aLeukel-Schmidt, Perry | ||
| 245 | _aIslam and Inter-faith relations | ||
| 245 | _bThe Gerald WEisfeld Lectures 2006 | ||
| 260 | _aLondon | ||
| 260 | _bSCM Press | ||
| 260 | _C2007 | ||
| 300 | _axi | ||
| 300 | _b267p. 22cm. | ||
| 650 | _bLord's Resistance Army | ||
| 650 | _cDomestic Terrorism - Uganda | ||
| 700 | _aRidgeon, Lloyd. | ||
| 942 |
_2lcc _01 |
||
| 999 |
_c6684 _d6684 |
||